[Event "Niedersachsen-ch op B"]
[Site "Verden"]
[Date "2018.01.05"]
[Round "4"]
[White "Hapke, Nils"]
[Black "Toma, Yanis"]
[Result "1-0"]
[WhiteElo "1562"]
[BlackElo "1459"]
[PlyCount "67"]
[EventDate "2018.01.04"]
[EventType "swiss"]
[EventRounds "7"]
[EventCountry "GER"]
[SourceTitle "EXT 2022"]
[Source "ChessBase"]
[SourceDate "2021.10.06"]
[SourceVersion "1"]
[SourceVersionDate "2021.10.06"]
[SourceQuality "1"]

1. e4 e6 2. d4 d5 3. e5 c5 4. c3 Nc6 5. Nf3 Bd7 6. Be2 Nge7 7. dxc5 Ng6 8. b4 Ncxe5 9. Nbd2 a5 10. Bb2 Be7 11. 0-0 Bf6 12. Nxe5 Nxe5 13. a3 0-0 14. Qc1 Ng6 15. Nf3 Qc7 16. g3 Bc6 17. Nd4 Bd7 18. Re1 e5 19. Nb5 Qc6 20. c4 dxc4 21. Bxc4 Bh3 22. f3 Qxf3 23. Qd2 Bg5 24. Qf2 Qc6 25. Rad1 Rad8 26. Nd6 Qc7 27. Bxe5 Nxe5 28. Rxe5 Bf6 29. Ree1 axb4 30. axb4 Bc3 31. Nxf7 Bd4 32. Rxd4 Rxf7 33. Qxf7+ Qxf7 34. Rxd8# 1-0

[Event "Niedersachsen-ch op B"]
[Site "Verden"]
[Date "2018.01.04"]
[Round "2"]
[White "Aden, Tammo"]
[Black "Toma, Yanis"]
[Result "1-0"]
[WhiteElo "1555"]
[BlackElo "1459"]
[PlyCount "73"]
[EventDate "2018.01.04"]
[EventType "swiss"]
[EventRounds "7"]
[EventCountry "GER"]
[SourceTitle "EXT 2022"]
[Source "ChessBase"]
[SourceDate "2021.10.06"]
[SourceVersion "1"]
[SourceVersionDate "2021.10.06"]
[SourceQuality "1"]

1. d4 d5 2. g3 e6 3. Bg2 Nf6 4. Nf3 Be7 5. b3 0-0 6. Bb2 Nbd7 7. Nbd2 c5 8. c4 Nb6 9. Rc1 dxc4 10. Nxc4 Nxc4 11. Rxc4 Qa5+ 12. Bc3 Qc7 13. Bd2 Rd8 14. 0-0 Qb6 15. Qa1 Bd7 16. dxc5 Bxc5 17. Rfc1 Bxf2+ 18. Kh1 Bc6 19. Bg5 Be3 20. Bxf6 Bxc1 21. Bxd8 Rxd8 22. Rxc1 Qe3 23. Rd1 Rf8 24. Qe5 Qb6 25. Qd4 Qa6 26. Qb2 Qb6 27. Ne5 Bb5 28. Bf3 Qe3 29. a4 Ba6 30. Nd7 Re8 31. b4 b6 32. Qd4 Qb3 33. b5 Bc8 34. Nb8 e5 35. Qd8 Rf8 36. Nc6 h6 37. Qxf8+ 1-0

[Event "Hamburg-chA"]
[Site "Hamburg"]
[Date "2017.06.10"]
[Round "6"]
[White "Toma, Yanis"]
[Black "Fasahat, Hossein"]
[Result "1/2-1/2"]
[WhiteElo "1442"]
[BlackElo "1541"]
[PlyCount "84"]
[EventDate "2017.06.03"]
[EventType "swiss"]
[EventRounds "7"]
[EventCountry "GER"]
[SourceTitle "CBM 179 Extra"]
[Source "ChessBase"]
[SourceDate "2017.08.23"]
[SourceVersion "1"]
[SourceVersionDate "2017.08.23"]
[SourceQuality "1"]

1. e4 e5 2. Nf3 Nc6 3. Bc4 Nf6 4. d3 Be7 5. 0-0 0-0 6. c3 d6 7. b4 a6 8. a4 Bg4 9. Nbd2 d5 10. exd5 Nxd5 11. Qc2 Bf6 12. Re1 Re8 13. Qb3 Be6 14. Ne4 Nf4 15. Bxf4 Bxc4 16. dxc4 exf4 17. Rad1 Qc8 18. Nxf6+ gxf6 19. Rxe8+ Qxe8 20. Qc2 Ne5 21. Qf5 Qxa4 22. Rf1 Nxf3+ 23. gxf3 Qc6 24. Qxf4 Kh8 25. Re1 Rg8+ 26. Kh1 Rg6 27. Qe4 Qxe4 28. Rxe4 c6 29. Re7 b5 30. Rxf7 bxc4 31. Ra7 f5 32. Rxa6 Kg7 33. Ra5 Kf6 34. Rc5 Kg5 35. Rxc4 Re6 36. Kg2 f4 37. Kh3 Rh6+ 38. Kg2 Rf6 39. Kh3 Rh6+ 40. Kg2 Rf6 41. Kh3 Rh6+ 42. Kg2 Rf6 1/2-1/2

[Event "GER-ch U25-B"]
[Site "Willingen"]
[Date "2016.05.15"]
[Round "2"]
[White "Toma, Yanis"]
[Black "Borgmann, Simon"]
[Result "0-1"]
[WhiteElo "962"]
[BlackElo "1318"]
[PlyCount "70"]
[EventDate "2016.05.15"]
[EventType "swiss"]
[EventRounds "9"]
[EventCountry "GER"]
[SourceTitle "CBM 172 Extra"]
[Source "ChessBase"]
[SourceDate "2016.06.21"]
[SourceVersion "1"]
[SourceVersionDate "2016.06.21"]
[SourceQuality "1"]

1. e4 e5 2. Nf3 Nc6 3. Bc4 Bc5 4. d3 Nf6 5. 0-0 d6 6. c3 Be6 7. Bxe6 fxe6 8. b4 Bb6 9. a4 a5 10. b5 Ne7 11. Ng5 Qd7 12. Qb3 d5 13. exd5 exd5 14. Nf3 e4 15. dxe4 Nxe4 16. Ba3 Ng6 17. Bb2 Nf4 18. c4 Qg4 19. Ne1 Ne2+ 20. Kh1 Nxf2+ 21. Rxf2 Bxf2 22. Qf3 Qxf3 23. Nxf3 Rg8 24. cxd5 0-0-0 25. Nbd2 Rxd5 26. Ne4 Bb6 27. Re1 Nd4 28. Rd1 Rgd8 29. Nc3 R5d7 30. Ne5 Re7 31. Nc4 Nf5 32. Rf1 Re6 33. h3 Ng3+ 34. Kh2 Nxf1+ 35. Kh1 Bd4 0-1